Statystyki dla Największe miasta w Kolumbii

Kliknij tutaj aby rozwiązać quiz!

Ogólne statystyki

  • Ten quiz został rozwiązany 161 razy
  • Średni wynik to 4 z 20

Statystyki odpowiedzi

MiastoLiczba ludności% Poprawnych
Bogota7 963 379
97%
Medellín2 457 680
67%
Cali2 358 302
61%
Barranquilla1 219 382
22%
Cartagena971 592
19%
Santa Marta474 520
14%
Bucaramanga521 857
11%
Cúcuta634 276
10%
Pereira398 719
10%
Pasto371 045
8%
Ibagué528 514
7%
Montería346 873
7%
Neiva324 375
7%
Villavicencio471 383
6%
Valledupar395 860
5%
Buenaventura373 717
4%
Manizales369 981
4%
Soacha516 435
4%
Bello458 196
3%
Soledad631 599
2%

Rozkład punktacji

Percentyl według liczby udzielonych odpowiedzi

Procent ludzi z każdym wynikiem

Twoja historia wyników

Nie rozwiązałeś tego quizu